• 首页
  • 本馆介绍
  • 公告通知
  • 最新文献
  • 馆藏检索
  • 电子资源
  • 读者导购
  • 参考咨询
  • 我的图书馆
  • 登录
  • 详细信息显示
  • 放入我的书架
  • 预约/预借图书
  • 作者相关作品
  • 分类相关作品
  • 丛书相关作品
  • 出版社相关作品

书目信息

  • 表格格式
  • 工作单格式
  • 卡片格式
题名:
梦溪笔谈选注
    
 
作者: ;刘启林 校注
分册:  
出版信息: 北京   人民文学出版社  1986
页数: 165页
开本: 19cm
丛书名:
单 册:
中图分类: I264.4 , I207
科图分类:
主题词: 笔记--中国--北宋 , 文史--中国--北宋 , 文学--中国
电子资源:
ISBN:
000 00695nam0 2200265 45
001 1569363983
005 20150123191715.18
010    @dCNY0.38
091    @aCN@b10093.707
100    @a19960215d1986 em y0chiy0121 ea
101 0  @achi
102    @aCN@b110000
105    @ay z 000zy
200 10 @a梦溪笔谈选注@Ameng xi bi tan xuan zhu@f(宋)沈括著@g刘启林校注
210    @a北京@c人民文学出版社@d1986
215    @a165页@d19cm
605    @a梦溪笔谈@x注释
606    @a笔记@y中国@z北宋
606    @a文史@y中国@z北宋
606 0  @a文学@x中国
690    @aI264.4@v3
690    @aI207@v4
702  0 @a刘启林@Aliu qi lin@4校注
801  0 @aCN@bTSSF@c20150123
905    @aZUCC@dI207@eJY24
    
    梦溪笔谈选注/(宋)沈括著/刘启林校注.-北京:人民文学出版社,1986
    165页;19cm
    
    
    ISBN :CNY0.38
    
●
相关链接 在E读中查询图书 在五车中查询图书 在当当中查询图书 在豆瓣中查询图书


正题名:梦溪笔谈选注     索取号:I207/JY24         预约/预借

序号 登录号 条形码 馆藏地/架位号 状态 备注
1 7840824   278408242   学院路分馆/ [索取号:I207/JY24] 在馆    
唐山师范学院图书馆 欢迎您!
大连网信软件有限公司© 版权所有